[Event "XXVI Festival A"]
[Site "Arco ITA"]
[Date "2014.10.08"]
[Round "5"]
[White "Agostinelli, Andrea"]
[Black "Zangrando, Gianpietro"]
[WhiteElo "1717"]
[BlackElo "1864"]
[Result "0-1"]
[PlyCount "76"]
[EventDate "2014.10.04"]

1. c4 e6 2. g3 c6 3. Bg2 d5 4. cxd5 exd5 5. d4 Nf6 6. Nf3 Be7 7. O-O O-O 8. Nc3
Re8 9. Bg5 h6 10. Bxf6 Bxf6 11. e3 Bf5 12. b4 a6 13. Qe2 Nd7 14. Rfc1 Nb6 15.
Bf1 Nc8 16. Qb2 Nd6 17. Nd2 h5 18. a4 h4 19. b5 hxg3 20. hxg3 Rb8 21. Nb3 Nc4
22. Qe2 Qc8 23. Qe1 g6 24. Nd2 Nb2 25. Nxd5 Bxd4 26. e4 Qd8 27. bxc6 bxc6 28.
Rxc6 Qg5 29. Nf3 Qxg3+ 30. Bg2 Bxe4 31. Nf6+ Bxf6 32. Rxf6 Qg4 33. Qe3 Nd3 34.
Qa7 Rb7 35. Qe3 Kg7 36. Rxa6 Nf4 37. Qc3+ Kg8 38. Nh4 Ne2+ 0-1

[Event "XXVI Festival A"]
[Site "Arco ITA"]
[Date "2014.10.08"]
[Round "5"]
[White "Anguera Maestro, Jaime"]
[Black "Caruso, Augusto"]
[WhiteElo "2058"]
[BlackElo "2264"]
[Result "1-0"]
[PlyCount "233"]
[EventDate "2014.10.04"]

1. d4 e6 2. c4 f5 3. Nc3 Nf6 4. Nf3 d6 5. Qc2 Nc6 6. d5 Ne5 7. e4 fxe4 8. Nxe5
dxe5 9. Bg5 Bc5 10. Nxe4 Bd4 11. Bd3 exd5 12. cxd5 Qxd5 13. Qxc7 Bb6 14. Qxg7
Ba5+ 15. Kf1 Qxd3+ 16. Kg1 Qxe4 17. Qxf6 Bb4 18. Qxh8+ Kd7 19. Qd8+ Kc6 20.
Rc1+ Kb5 21. Qe8+ Ka5 22. a4 Qd5 23. Qd8+ Qxd8 24. Bxd8+ b6 25. Bc7 e4 26. Be5
Kxa4 27. h3 Bc5 28. Re1 Bb7 29. Bf4 Kb3 30. Be3 Bd6 31. g3 Be5 32. Kh2 Kxb2 33.
Rb1+ Ka2 34. Rb5 Re8 35. Rd1 Ba6 36. Rbd5 Bd3 37. Bd4 Bxd4 38. Rxd4 Kb3 39. Rd6
Re7 40. Re1 Kc2 41. Rc6+ Kb2 42. Rd6 Rf7 43. Kg1 b5 44. f4 exf3 45. Kf2 Be2 46.
Rd2+ Kc3 47. Ra2 b4 48. Rc1+ Kb3 49. Rac2 Ka4 50. Ra2+ Kb3 51. Rca1 a6 52. g4
Kc3 53. Rc1+ Kd3 54. Rb1 Rb7 55. Rxa6 Kc2 56. Raa1 b3 57. Rc1+ Kd2 58. Rab1 Bd3
59. Rd1+ Kc3 60. Rdc1+ Bc2 61. Kxf3 b2 62. Rxb2 Kxb2 63. Rh1 Kc3 64. g5 Kd4 65.
Kg4 Rb6 66. h4 Ke5 67. Re1+ Be4 68. h5 Rb2 69. g6 h6 70. Rg1 Bf5+ 71. Kf3 Rb3+
72. Kf2 Kf6 73. g7 Rb8 74. g8=Q Rxg8 75. Rxg8 Kf7 76. Rg3 Bc2 77. Rf3+ Kg7 78.
Kg3 Bd1 79. Rf5 Be2 80. Re5 Bd1 81. Kf4 Kf6 82. Rd5 Be2 83. Rc5 Bd1 84. Kg3 Be2
85. Kh4 Bf3 86. Rc3 Be2 87. Rg3 Bd1 88. Rg6+ Kf7 89. Rxh6 Kg7 90. Kg5 Bb3 91.
Rb6 Bc4 92. Rb8 Kh7 93. Rb7+ Kh8 94. Kg6 Bd3+ 95. Kh6 Bc4 96. Rh7+ Kg8 97. Rc7
Be6 98. Re7 Bc4 99. Re4 Bd3 100. Re8+ Kf7 101. Re3 Bc2 102. Rg3 Be4 103. Rg4
Bd3 104. Rg6 Be2 105. Rd6 Bf3 106. Rd4 Be2 107. Rd8 Bf3 108. Rd4 Be2 109. Rd5
Bc4 110. Rd7+ Kg8 111. Kg6 Kh8 112. h6 Be6 113. Re7 Bc4 114. h7 Bd3+ 115. Kh6
Bg6 116. Rd7 Be8 117. Rb7 1-0

[Event "XXVI Festival A"]
[Site "Arco ITA"]
[Date "2014.10.08"]
[Round "5"]
[White "Antoniacci, Riccardo"]
[Black "Ziltener, Werner"]
[WhiteElo "1844"]
[BlackElo "1997"]
[Result "1/2-1/2"]
[PlyCount "75"]
[EventDate "2014.10.04"]

1. e4 d6 2. d4 Nf6 3. Nc3 c6 4. f3 g6 5. Be3 Bg7 6. Qd2 h6 7. h4 Nbd7 8. g4 e5
9. Nh3 Qa5 10. Bc4 b5 11. Bb3 Nb6 12. dxe5 dxe5 13. Rd1 O-O 14. Bxh6 Nc4 15.
Bxc4 bxc4 16. Bxg7 Kxg7 17. h5 Be6 18. hxg6 Rad8 19. Qe3 Rxd1+ 20. Kxd1 Qd8+
21. Kc1 Qd4 22. Qxd4 exd4 23. Ne2 c5 24. Nef4 Bc8 25. gxf7 Kxf7 26. Ng5+ Ke8
27. Nfe6 Rg8 28. e5 Nd5 29. Rh5 a6 30. Nxc5 Nf4 31. Nce4 Nxh5 32. gxh5 Ke7 33.
h6 Bf5 34. h7 Bxh7 35. Nxh7 Rg1+ 36. Kd2 Rg2+ 37. Kd1 Rg1+ 38. Kd2 1/2-1/2

[Event "XXVI Festival A"]
[Site "Arco ITA"]
[Date "2014.10.08"]
[Round "5"]
[White "Astengo, Corrado"]
[Black "Reyna Hernandez, Sandor"]
[WhiteElo "2129"]
[BlackElo "1941"]
[Result "1-0"]
[PlyCount "153"]
[EventDate "2014.10.04"]

1. e4 e6 2. d4 d5 3. Nd2 Nf6 4. e5 Nfd7 5. Bd3 c5 6. c3 Nc6 7. Ne2 cxd4 8. cxd4
f6 9. exf6 Nxf6 10. O-O Bd6 11. Nf3 Qc7 12. Bg5 O-O 13. Bh4 Nh5 14. Bg3 Nxg3
15. Nxg3 g6 16. Qe2 a6 17. Rac1 Qg7 18. Rfd1 Bd7 19. Nf1 Rxf3 20. Qxf3 Rf8 21.
Qe2 Nxd4 22. Qe1 Nc6 23. Qe2 e5 24. Bc4 Nd4 25. Bxd5+ Kh8 26. Qe3 b6 27. Qd3
Bc5 28. Ne3 Qf6 29. Rf1 Qd6 30. Rcd1 b5 31. Be4 Be6 32. b3 Rd8 33. Kh1 Bb6 34.
Nc2 Bc7 35. Nxd4 exd4 36. g3 Qa3 37. Qc2 Qd6 38. Rc1 Bd5 39. Bxd5 Qxd5+ 40. Kg1
Ba5 41. Qc6 Bc3 42. Qxa6 Ra8 43. Qf6+ Kg8 44. Rc2 Re8 45. Rxc3 dxc3 46. Qxc3
Qe4 47. Rd1 Ra8 48. Qd3 Qxd3 49. Rxd3 b4 50. Rd7 Rb8 51. f4 Rb6 52. Rd4 h5 53.
Kf2 Ra6 54. Kf3 Rxa2 55. h4 Rc2 56. Rxb4 Rc3+ 57. Kg2 Rc2+ 58. Kh3 Rc3 59. Rb7
Rd3 60. b4 Rb3 61. b5 Kh8 62. b6 Kg8 63. Rb8+ Kg7 64. Kg2 Kh7 65. Kf2 Kg7 66.
b7 Kh7 67. Ke2 Kg7 68. Kd2 Kh7 69. Kc2 Rb6 70. Kc3 Rb1 71. Kd4 Rb2 72. Ke5 Rb5+
73. Kd6 Rb1 74. Rd8 Rd1+ 75. Kc7 Rc1+ 76. Kb8 Rb1 77. Rd7+ 1-0

[Event "XXVI Festival A"]
[Site "Arco ITA"]
[Date "2014.10.08"]
[Round "5"]
[White "Battistella, Stefano"]
[Black "Perman, Sergey"]
[WhiteElo "2045"]
[BlackElo "2150"]
[Result "0-1"]
[PlyCount "81"]
[EventDate "2014.10.04"]

1. d4 g6 2. c4 Bg7 3. e4 d6 4. Nc3 Nf6 5. f3 O-O 6. Be3 c5 7. Nge2 b6 8. Qd2
Nc6 9. d5 Ne5 10. Ng3 h5 11. Be2 a6 12. O-O e6 13. a4 exd5 14. cxd5 Nh7 15. f4
Ng4 16. Bxg4 Bxg4 17. h3 Bd7 18. a5 h4 19. Nge2 bxa5 20. e5 Bf5 21. exd6 Qxd6
22. Rxa5 Rfc8 23. Na4 Nf6 24. Nec3 Nd7 25. b3 Rab8 26. Nb2 Rxb3 27. Nc4 Qf6 28.
Ne2 Bd3 29. Ne5 Nxe5 30. fxe5 Qxe5 31. Nc1 Bxf1 32. Nxb3 c4 33. Nd4 c3 34. Qf2
Bd3 35. Nc2 Bxc2 36. Rxa6 Bf5 37. Rc6 Rxc6 38. dxc6 c2 39. Bc1 Qa1 40. Qd2 Bb2
41. Kh2 0-1

[Event "XXVI Festival A"]
[Site "Arco ITA"]
[Date "2014.10.08"]
[Round "5"]
[White "Beltrami, Nerio"]
[Black "Sigmund, Ingenuin"]
[WhiteElo "1909"]
[BlackElo "1802"]
[Result "1-0"]
[PlyCount "61"]
[EventDate "2014.10.04"]

1. e4 e6 2. d4 d5 3. e5 c5 4. c3 Bd7 5. Nf3 Qb6 6. b3 Nc6 7. Be2 cxd4 8. cxd4
Bb4+ 9. Kf1 Rc8 10. Bb2 Nh6 11. Na3 O-O 12. Nc2 f6 13. Nxb4 Nxb4 14. Ba3 Rc2
15. Bxb4 Rxe2 16. Bxf8 Bb5 17. Kg1 Kxf8 18. a4 Ng4 19. axb5 Qxb5 20. h3 Nxf2
21. Qf1 Qd3 22. Re1 Rxe1 23. Qxe1 Nxh1 24. Kxh1 Qxb3 25. exf6 gxf6 26. Qxe6 Kg7
27. Qe7+ Kg6 28. Qe8+ Kg7 29. Qd7+ Kg6 30. Nh4+ Kh6 31. Qg4 1-0

[Event "XXVI Festival A"]
[Site "Arco ITA"]
[Date "2014.10.08"]
[Round "5"]
[White "Bisignano, Giuseppe"]
[Black "Simeone, Giulio"]
[WhiteElo "1837"]
[BlackElo "1991"]
[Result "0-1"]
[PlyCount "82"]
[EventDate "2014.10.04"]

1. e4 c6 2. d4 d5 3. Nc3 dxe4 4. Nxe4 Nf6 5. Nxf6+ exf6 6. Nf3 Bd6 7. Bc4 O-O
8. O-O Bg4 9. h3 Bh5 10. Qd3 Re8 11. a4 Bc7 12. d5 cxd5 13. Bxd5 Nc6 14. Bd2
Qd6 15. Bxc6 Qxc6 16. Nd4 Qd6 17. g3 Bb6 18. c3 Be2 19. Qf5 Bxf1 20. Rxf1 Bxd4
21. cxd4 Qxd4 22. Bc3 Qxa4 23. h4 Qe4 24. Qb5 Qc6 25. Qf5 Rad8 26. h5 h6 27.
Ra1 Rd5 28. Qf3 a6 29. g4 Rd6 30. Qf4 Ree6 31. Qg3 Qd7 32. f3 Re2 33. Re1 Rxe1+
34. Bxe1 Rd1 35. Kg2 Qe8 36. Bf2 Qb5 37. Qc7 Qd7 38. Qf4 Rd2 39. Qe4 Rxb2 40.
Qe3 Qc6 41. Qd4 Qc2 0-1

[Event "XXVI Festival A"]
[Site "Arco ITA"]
[Date "2014.10.08"]
[Round "5"]
[White "Blasco, Domenico"]
[Black "Rondelli, Roberto"]
[WhiteElo "1899"]
[BlackElo "1756"]
[Result "0-1"]
[PlyCount "86"]
[EventDate "2014.10.04"]

1. d4 d5 2. Nf3 Nf6 3. e3 c6 4. c4 Bg4 5. h3 Bh5 6. g4 Bg6 7. Ne5 e6 8. h4 Bxb1
9. Rxb1 Bb4+ 10. Bd2 Qa5 11. a3 Bxd2+ 12. Qxd2 Qxd2+ 13. Kxd2 Ne4+ 14. Ke1 Nd7
15. Nxd7 Kxd7 16. Bd3 a5 17. Rc1 Nd6 18. Kd2 h5 19. g5 g6 20. c5 Nf5 21. Bxf5
exf5 22. Kd3 Rhe8 23. Rce1 Re7 24. Re2 Rae8 25. f3 Kc7 26. Rhe1 Kd7 27. a4 Re6
28. e4 fxe4+ 29. fxe4 dxe4+ 30. Rxe4 Rxe4 31. Rxe4 Rxe4 32. Kxe4 Ke6 33. b3 f6
34. gxf6 Kxf6 35. d5 cxd5+ 36. Kxd5 g5 37. hxg5+ Kxg5 38. Ke4 Kg4 39. Ke3 Kg3
40. Ke2 h4 41. Kf1 h3 42. Kg1 h2+ 43. Kh1 Kh3 0-1

[Event "XXVI Festival A"]
[Site "Arco ITA"]
[Date "2014.10.08"]
[Round "5"]
[White "Bruno, Fabio"]
[Black "Rotstein, Arkadij"]
[WhiteElo "2422"]
[BlackElo "2499"]
[Result "1/2-1/2"]
[PlyCount "133"]
[EventDate "2014.10.04"]

1. d4 Nf6 2. c4 c5 3. d5 b5 4. cxb5 a6 5. bxa6 g6 6. Nc3 Bxa6 7. e4 Bxf1 8.
Kxf1 d6 9. g3 Bg7 10. Kg2 O-O 11. Nf3 Nbd7 12. Qe2 Qa5 13. Bd2 Rfb8 14. b3 Ng4
15. Na4 Qa6 16. Qxa6 Rxa6 17. Rac1 Nge5 18. Nxe5 Nxe5 19. Bc3 Nd3 20. Rc2 Nb4
21. Bxb4 Rxb4 22. Re1 Bd4 23. Rec1 f5 24. exf5 gxf5 25. Rc4 Rxc4 26. Rxc4 Kf7
27. f4 e6 28. dxe6+ Kxe6 29. Kf3 Kd5 30. Rc2 Kc6 31. Ke2 Ra7 32. Kd3 Re7 33.
Nb2 Re3+ 34. Kd2 Rf3 35. Nd1 Kd5 36. Ke2 Ke4 37. Rd2 d5 38. b4 Ra3 39. bxc5
Bxc5 40. Nf2+ Bxf2 41. Kxf2 d4 42. Re2+ Kd3 43. Re5 Rxa2+ 44. Kf3 Rxh2 45. Rxf5
Kc4 46. Rf7 d3 47. Rd7 Kc3 48. f5 d2 49. Ke3 Kc2 50. Rc7+ Kd1 51. Kf3 Ke1 52.
Re7+ Kf1 53. Rd7 Rf2+ 54. Kg4 Ke1 55. Re7+ Re2 56. Rxh7 Re4+ 57. Kg5 Rg4+ 58.
Kf6 Rxg3 59. Rh1+ Ke2 60. Kf7 Rh3 61. Ra1 Ra3 62. Rh1 Rf3 63. f6 Rf1 64. Rh2+
Rf2 65. Rh1 Rf1 66. Rh2+ Rf2 67. Rh1 1/2-1/2

[Event "XXVI Festival A"]
[Site "Arco ITA"]
[Date "2014.10.08"]
[Round "5"]
[White "Buck, Klaus-Michael"]
[Black "Milano, Maria"]
[WhiteElo "1679"]
[BlackElo "1614"]
[Result "1/2-1/2"]
[PlyCount "50"]
[EventDate "2014.10.04"]

1. Nf3 Nf6 2. b3 d5 3. Bb2 e6 4. e3 c5 5. c4 Nc6 6. Be2 Be7 7. O-O O-O 8. d4
Ne4 9. Qc2 b6 10. a3 Bb7 11. Nbd2 Nxd2 12. Nxd2 cxd4 13. cxd5 exd5 14. exd4 Rc8
15. Qf5 Bf6 16. Nf3 g6 17. Qd3 Re8 18. Rac1 Rc7 19. Rfe1 Rce7 20. Bf1 Rxe1 21.
Rxe1 Rxe1 22. Nxe1 Qe7 23. Nf3 Bc8 24. Qc2 Bb7 25. b4 Qd6 1/2-1/2

[Event "XXVI Festival A"]
[Site "Arco ITA"]
[Date "2014.10.08"]
[Round "5"]
[White "Buglisi, Massimo"]
[Black "Bortolotti, Silvano"]
[WhiteElo "1923"]
[BlackElo "1828"]
[Result "0-1"]
[PlyCount "92"]
[EventDate "2014.10.04"]

1. e4 e5 2. Nf3 Nc6 3. d4 exd4 4. Nxd4 Bc5 5. Nxc6 Qf6 6. Qf3 Qxf3 7. gxf3 dxc6
8. Bc4 Be6 9. Bxe6 fxe6 10. h4 g6 11. h5 Ne7 12. Be3 Bd6 13. Nd2 O-O-O 14. Ke2
e5 15. Rag1 Rhg8 16. Bg5 Rdf8 17. Nc4 Rf7 18. Rd1 gxh5 19. Rxh5 Rg6 20. Rdh1
Kd7 21. Bxe7 Rxe7 22. Rxh7 Rgg7 23. Rxg7 Rxg7 24. Ne3 c5 25. Nf5 Rf7 26. Rh6 b5
27. Rg6 Kc6 28. b3 c4 29. bxc4 bxc4 30. Rg7 Rxg7 31. Nxg7 Kb5 32. Nf5 Kb4 33.
Nxd6 cxd6 34. Kd2 a5 35. a3+ Kxa3 36. Kc3 a4 37. Kxc4 Kb2 38. Kd5 Kxc2 39. Kxd6
a3 40. Kxe5 a2 41. f4 a1=Q+ 42. Ke6 Qa6+ 43. Ke5 Qb5+ 44. Ke6 Qc6+ 45. Kf5 Kd3
46. e5 Qe4+ 0-1

[Event "XXVI Festival A"]
[Site "Arco ITA"]
[Date "2014.10.08"]
[Round "5"]
[White "Cardarelli, Angelo"]
[Black "Martinez, Guido"]
[WhiteElo "2041"]
[BlackElo "1856"]
[Result "1-0"]
[PlyCount "41"]
[EventDate "2014.10.04"]

1. Nf3 d5 2. c4 Nf6 3. g3 Nc6 4. cxd5 Nxd5 5. d4 Bf5 6. a3 Qd7 7. Bg2 Rd8 8.
O-O Nf6 9. Nc3 Bg4 10. Ne5 Nxe5 11. dxe5 Qxd1 12. Rxd1 Rxd1+ 13. Nxd1 Nd7 14.
Bxb7 Nxe5 15. Bf4 f6 16. Rc1 Kd8 17. Nc3 Ng6 18. Rd1+ Ke8 19. Bxc7 Bd7 20. Bc8
Bc6 21. Be6 1-0

[Event "XXVI Festival A"]
[Site "Arco ITA"]
[Date "2014.10.08"]
[Round "5"]
[White "Casagrande, Fabio"]
[Black "Del Nevo, Claudio"]
[WhiteElo "1959"]
[BlackElo "1832"]
[Result "1-0"]
[PlyCount "75"]
[EventDate "2014.10.04"]

1. e4 d6 2. d4 Nf6 3. Nc3 c6 4. a4 a5 5. h3 g6 6. Be3 Bg7 7. Nf3 b6 8. e5 dxe5
9. dxe5 Nfd7 10. e6 fxe6 11. Ng5 Ne5 12. Qxd8+ Kxd8 13. Bxb6+ Ke8 14. O-O-O Bd7
15. f4 Nf7 16. Nxf7 Kxf7 17. Bc4 Bxc3 18. bxc3 Bc8 19. Rhe1 Na6 20. Re5 c5 21.
Rde1 Nb8 22. Rxc5 Bd7 23. Rce5 Rc8 24. Bxe6+ Bxe6 25. Rxe6 Nc6 26. g4 Rab8 27.
Bf2 Rb7 28. Bh4 Rcc7 29. f5 Nd8 30. fxg6+ hxg6 31. R6e3 Nc6 32. Bg3 Rc8 33.
Rf1+ Kg7 34. h4 Nd8 35. Be5+ Kg8 36. h5 Rc4 37. hxg6 Rxg4 38. Rh3 1-0

[Event "XXVI Festival A"]
[Site "Arco ITA"]
[Date "2014.10.08"]
[Round "5"]
[White "Dalla Vecchia, Paolo"]
[Black "Pretto, Aldo"]
[WhiteElo "1897"]
[BlackElo "1746"]
[Result "1-0"]
[PlyCount "77"]
[EventDate "2014.10.04"]

1. d4 d6 2. Nf3 g6 3. Bf4 Bg7 4. c3 Nd7 5. e4 e5 6. dxe5 dxe5 7. Bg3 Qe7 8. Qc2
Ngf6 9. Nbd2 Nh5 10. Bc4 O-O 11. Bh4 Qc5 12. b4 Qb6 13. Qb3 h6 14. Be7 Nf4 15.
Bxf8 Nxf8 16. Bxf7+ Kh7 17. O-O Be6 18. Bxe6 N8xe6 19. Nc4 Qc6 20. Rfe1 Nd3 21.
Re3 Nef4 22. Rd1 Rd8 23. Ncxe5 Bxe5 24. Nxe5 Qa6 25. b5 Qd6 26. Qf7+ Kh8 27.
Qxf4 Nxf4 28. Nf7+ Kg7 29. Nxd6 cxd6 30. e5 d5 31. e6 Re8 32. e7 g5 33. g3 Ng6
34. Rxd5 Nxe7 35. Rd7 Kf8 36. Rxb7 Nc8 37. Rxe8+ Kxe8 38. Rh7 Nd6 39. a4 1-0

[Event "XXVI Festival A"]
[Site "Arco ITA"]
[Date "2014.10.08"]
[Round "5"]
[White "De Eccher, Stefano"]
[Black "Guido, Flavio"]
[WhiteElo "2237"]
[BlackElo "2356"]
[Result "0-1"]
[PlyCount "106"]
[EventDate "2014.10.04"]

1. e4 c6 2. d4 d5 3. Nc3 dxe4 4. Nxe4 Bf5 5. Ng3 Bg6 6. Bc4 e6 7. N1e2 Nf6 8.
O-O Nbd7 9. f4 Nb6 10. Bb3 Qd7 11. f5 exf5 12. Nf4 O-O-O 13. h4 h6 14. c3 Bd6
15. Qf3 Rhe8 16. Nd3 Ne4 17. Bf4 Bxf4 18. Qxf4 Nxg3 19. Qxg3 Qd6 20. Qxd6 Rxd6
21. Rae1 Rdd8 22. Ne5 Nd5 23. Bc2 Re7 24. Bxf5+ Bxf5 25. Rxf5 Rde8 26. Rff1 c5
27. Nd3 cxd4 28. cxd4 f6 29. Kf2 Re4 30. Nc5 Rf4+ 31. Kg1 Rxe1 32. Rxe1 Rxh4
33. Re8+ Kc7 34. Rg8 Rg4 35. Rxg7+ Rxg7 36. Ne6+ Kd6 37. Nxg7 Nb4 38. Kf2 Kd5
39. Nf5 Nxa2 40. Nxh6 Kxd4 41. Ng8 Ke5 42. Ke3 Nb4 43. Nh6 Nd5+ 44. Kf3 b5 45.
g4 Kd4 46. Nf5+ Kd3 47. Nd6 b4 48. Nb7 Kc2 49. Ke4 Ne7 50. Kd4 Kxb2 51. Kc4 Ka3
52. Na5 Ng6 53. Nc6 Ne5+ 0-1

[Event "XXVI Festival A"]
[Site "Arco ITA"]
[Date "2014.10.08"]
[Round "5"]
[White "De Nisi, Giuseppe"]
[Black "Bottesi, Gianluca"]
[WhiteElo "1771"]
[BlackElo "1692"]
[Result "0-1"]
[PlyCount "56"]
[EventDate "2014.10.04"]

1. d4 Nf6 2. c4 g6 3. Nc3 Bg7 4. f3 O-O 5. e4 d6 6. Be3 a5 7. Bd3 Na6 8. Rc1 e5
9. d5 Nc5 10. Bb1 Nh5 11. Qe2 Nf4 12. Bxf4 exf4 13. Qf2 f5 14. Nge2 fxe4 15.
Nxe4 Bxb2 16. Rd1 Nxe4 17. Bxe4 Qf6 18. O-O Ba3 19. Qe1 Bc5+ 20. Kh1 Re8 21.
Qc3 Re5 22. Nd4 Rh5 23. h3 Bxh3 24. Rf2 Qh4 25. Kg1 Bxg2 26. Rxg2 Qh1+ 27. Kf2
Qxd1 28. Bd3 Re8 0-1

[Event "XXVI Festival A"]
[Site "Arco ITA"]
[Date "2014.10.08"]
[Round "5"]
[White "De Santis, Alessio"]
[Black "Cardili, Mariano"]
[WhiteElo "2263"]
[BlackElo "2097"]
[Result "1-0"]
[PlyCount "123"]
[EventDate "2014.10.04"]

1. b3 d5 2. Bb2 Nf6 3. g3 e6 4. Bg2 c6 5. d3 Nbd7 6. Nf3 Be7 7. O-O O-O 8. a3
b6 9. Nbd2 Bb7 10. e4 c5 11. e5 Ne8 12. Qe2 b5 13. h4 Nb6 14. Rfe1 c4 15. Nd4
Qc8 16. N2f3 b4 17. a4 a5 18. Bc1 Nc7 19. Bg5 Qd7 20. Be3 cxb3 21. cxb3 Na6 22.
Ng5 Nc5 23. Bf1 Ba6 24. Rad1 h6 25. Nh3 f5 26. Nf4 Rfe8 27. Qh5 Bf8 28. g4 fxg4
29. Qxg4 Qf7 30. Be2 Nbd7 31. Ng6 Kh7 32. h5 Rac8 33. Kh1 Nb8 34. Rg1 Nc6 35.
Nb5 Bxb5 36. Nxf8+ Rxf8 37. Qg6+ Kh8 38. Qxf7 Rxf7 39. axb5 Nd8 40. Rb1 Ndb7
41. Rgc1 Rfc7 42. Kg2 Kg8 43. Rg1 Rd8 44. Kf1 Kf7 45. Bd4 Nd7 46. Bd1 Rdc8 47.
Ke1 Rc1 48. Rxc1 Rxc1 49. Kd2 Rc8 50. f4 Nbc5 51. Bc2 Rb8 52. Bxc5 Nxc5 53. d4
Nd7 54. Bg6+ Ke7 55. Bd3 Kf7 56. Rc1 Rb7 57. Rc8 Nf8 58. Ra8 g6 59. Be2 gxh5
60. Bxh5+ Kg7 61. Rxa5 Ng6 62. b6 1-0

[Event "XXVI Festival A"]
[Site "Arco ITA"]
[Date "2014.10.08"]
[Round "5"]
[White "Dieli, Riccardo"]
[Black "Hussain, Hashem"]
[WhiteElo "1857"]
[BlackElo "1699"]
[Result "1-0"]
[PlyCount "65"]
[EventDate "2014.10.04"]

1. Nf3 g6 2. d4 Nf6 3. Nc3 Bg7 4. e4 d6 5. Bg5 O-O 6. Qd2 c5 7. Bh6 cxd4 8.
Nxd4 Bxh6 9. Qxh6 Ng4 10. Qd2 Qb6 11. Na4 Qc7 12. O-O-O a6 13. h4 h5 14. f3 Nf6
15. Be2 b5 16. Nc3 Kg7 17. g4 Nc6 18. gxh5 Nxh5 19. Nd5 Qb7 20. Nxc6 e6 21. Na5
Qa7 22. Nf4 Nxf4 23. Qxf4 e5 24. Qd2 Qb6 25. h5 Rg8 26. hxg6 fxg6 27. Qg5 Be6
28. Qe7+ Bf7 29. Rh7+ Kxh7 30. Qxf7+ Kh6 31. Rh1+ Kg5 32. f4+ exf4 33. Qe7# 1-0

[Event "XXVI Festival A"]
[Site "Arco ITA"]
[Date "2014.10.08"]
[Round "5"]
[White "Dittmar, Peter"]
[Black "Valenti, Giuseppe"]
[WhiteElo "2293"]
[BlackElo "2101"]
[Result "1-0"]
[PlyCount "35"]
[EventDate "2014.10.04"]

1. d4 Nf6 2. c4 e6 3. Nc3 c5 4. d5 exd5 5. cxd5 d6 6. e4 g6 7. Bg5 Bg7 8. f3 a6
9. a4 Qa5 10. Ra3 h6 11. Bf4 Qc7 12. Qd2 Nbd7 13. Nh3 g5 14. Be3 Ne5 15. Nf2
Bd7 16. Be2 Rb8 17. a5 Bc8 18. Na4 1-0

[Event "XXVI Festival A"]
[Site "Arco ITA"]
[Date "2014.10.08"]
[Round "5"]
[White "Fratini, Mauro"]
[Black "Galas, Franco"]
[WhiteElo "1863"]
[BlackElo "1719"]
[Result "1-0"]
[PlyCount "98"]
[EventDate "2014.10.04"]

1. d4 d6 2. Nf3 e6 3. e3 Ne7 4. Nbd2 Nd7 5. b3 b6 6. Bb2 Bb7 7. Be2 Ng6 8. c4
Be7 9. Rb1 O-O 10. O-O Rb8 11. Re1 d5 12. Rc1 Bd6 13. Bf1 Nh4 14. g3 Nxf3+ 15.
Nxf3 Qf6 16. cxd5 exd5 17. Bb5 Qd8 18. Bc6 Nf6 19. Ne5 Qe7 20. Bxb7 Rxb7 21.
Rc6 Rd8 22. Qe2 Qe6 23. Rec1 h5 24. Ba3 Qh3 25. Bxd6 cxd6 26. Nd3 h4 27. Nf4
Qf5 28. h3 hxg3 29. fxg3 Ne4 30. g4 Qh7 31. Qg2 Ng5 32. Rxd6 Rdb8 33. Rxd5 Ne6
34. Nxe6 fxe6 35. Rd6 Re7 36. Rdc6 Qd3 37. R6c3 Qg6 38. Rc8+ Rxc8 39. Rxc8+ Kh7
40. Qc2 Qxc2 41. Rxc2 Kg6 42. Kg2 Kf6 43. Kg3 g5 44. Rc6 Rd7 45. h4 gxh4+ 46.
Kxh4 Rh7+ 47. Kg3 Rh1 48. Kf4 Ra1 49. g5+ Kg6 1-0

[Event "XXVI Festival A"]
[Site "Arco ITA"]
[Date "2014.10.08"]
[Round "5"]
[White "Galliani, William"]
[Black "Moro, Roberto"]
[WhiteElo "1458"]
[BlackElo "1748"]
[Result "1/2-1/2"]
[PlyCount "73"]
[EventDate "2014.10.04"]

1. d4 d6 2. c4 Nf6 3. Nc3 g6 4. e4 Bg7 5. Nf3 Bg4 6. Be2 Nbd7 7. O-O O-O 8. h3
Bxf3 9. Bxf3 c5 10. d5 Ne5 11. Be2 h6 12. f4 Ned7 13. Qe1 Nh7 14. g4 Bd4+ 15.
Kh2 f5 16. gxf5 gxf5 17. Qh4 Kh8 18. exf5 Bxc3 19. bxc3 Ndf6 20. Qxh6 Rg8 21.
Bd3 Rg7 22. Bd2 Qd7 23. Bc2 b5 24. Rab1 bxc4 25. Rg1 Rxg1 26. Rxg1 Rg8 27.
Rxg8+ Kxg8 28. Qg6+ Kh8 29. h4 Qb7 30. Qg2 Qxd5 31. Qxd5 Nxd5 32. Be4 Nhf6 33.
Bxd5 Nxd5 34. Kg3 Nf6 35. Kf3 Kh7 36. Be1 Kh6 37. a4 1/2-1/2

[Event "XXVI Festival A"]
[Site "Arco ITA"]
[Date "2014.10.08"]
[Round "5"]
[White "Giaracuni, Claudio"]
[Black "Favre, Bruno"]
[WhiteElo "1776"]
[BlackElo "1904"]
[Result "1/2-1/2"]
[PlyCount "87"]
[EventDate "2014.10.04"]

1. d4 Nf6 2. Nf3 d6 3. Bf4 g6 4. c4 Bg7 5. Nc3 O-O 6. h3 c5 7. e3 Nc6 8. d5 Nb8
9. Be2 Bd7 10. O-O Na6 11. Qd2 Nc7 12. e4 a6 13. e5 dxe5 14. Bxe5 Nce8 15. Rfd1
Nd6 16. Bd3 Rb8 17. a4 b6 18. Re1 Rb7 19. Rad1 Qc8 20. Kh2 Bf5 21. b3 Bxd3 22.
Qxd3 Nh5 23. Bxd6 exd6 24. g3 Bxc3 25. Qxc3 Qf5 26. Qe3 Qf6 27. Re2 Qg7 28.
Rde1 h6 29. g4 Nf6 30. Qf4 Rd7 31. Re7 Rfd8 32. Rxd7 Rxd7 33. Nd2 g5 34. Qf5
Qg6 35. Re8+ Nxe8 36. Qxd7 Ng7 37. Qd8+ Kh7 38. Qxb6 Qd3 39. Qxd6 Qxd2 40. Qxc5
Qf4+ 41. Kg2 Qe4+ 42. Kh2 Qf4+ 43. Kh1 Qe4+ 44. Kh2 1/2-1/2

[Event "XXVI Festival A"]
[Site "Arco ITA"]
[Date "2014.10.08"]
[Round "5"]
[White "Gulinelli, Euro"]
[Black "Sigillo, Carmelo"]
[WhiteElo "1632"]
[BlackElo "1737"]
[Result "0-1"]
[PlyCount "100"]
[EventDate "2014.10.04"]

1. e4 c5 2. Nf3 d6 3. d4 cxd4 4. Nxd4 Nf6 5. Nc3 a6 6. f4 e5 7. Nf3 Nbd7 8. a4
b6 9. Bc4 Qc7 10. Qe2 Be7 11. O-O O-O 12. Kh1 Bb7 13. fxe5 dxe5 14. Nd5 Bxd5
15. Bxd5 Rac8 16. c3 a5 17. Bg5 h6 18. Bh4 Nxd5 19. exd5 Bxh4 20. Nxh4 Qc4 21.
Qxc4 Rxc4 22. Nf5 Rd8 23. Nd6 Rg4 24. Nxf7 Rf8 25. Nd6 Rxf1+ 26. Rxf1 Rxa4 27.
c4 Ra2 28. Rb1 Kf8 29. Ne4 Ra4 30. b3 Rb4 31. Nd2 Nc5 32. Re1 Nxb3 33. Nxb3
Rxb3 34. h3 Ke7 35. Rxe5+ Kd7 36. Re6 a4 37. Rg6 a3 38. Rxg7+ Kd6 39. Ra7 Kc5
40. Kh2 Kxc4 41. d6 Kb4 42. d7 Rd3 43. Kg1 b5 44. Kf2 Kb3 45. Ke2 Rd5 46. Ke3
a2 47. Ke4 Rd1 48. Ke5 Kb2 49. Ke6 a1=Q 50. Rxa1 Kxa1 0-1

[Event "XXVI Festival A"]
[Site "Arco ITA"]
[Date "2014.10.08"]
[Round "5"]
[White "Iacchetti, Giovanni"]
[Black "Pistone, Salvatore"]
[WhiteElo "1714"]
[BlackElo "1561"]
[Result "1/2-1/2"]
[PlyCount "88"]
[EventDate "2014.10.04"]

1. c4 Nf6 2. g3 e6 3. Bg2 d5 4. d4 Be7 5. Nf3 O-O 6. Nc3 c5 7. cxd5 exd5 8.
dxc5 Bxc5 9. O-O Nc6 10. Bg5 Be6 11. Qa4 Be7 12. Rfd1 Qa5 13. Qxa5 Nxa5 14.
Rac1 Rac8 15. Nd4 a6 16. Nxe6 fxe6 17. Bh3 Kf7 18. Rd3 Nc4 19. b3 Nd6 20. Rcd1
Rc6 21. Rf3 h6 22. Bc1 g5 23. Bb2 h5 24. Bg2 Nf5 25. Nxd5 Nxd5 26. Rxd5 exd5
27. Rxf5+ Kg6 28. Rxd5 Re6 29. e3 Rd8 30. Rxd8 Bxd8 31. Bxb7 Rd6 32. Be4+ Kf7
33. Bd4 Bf6 34. Bxf6 Kxf6 35. Kg2 g4 36. h3 Rd2 37. hxg4 hxg4 38. a4 Ke5 39.
Bb7 Rd6 40. e4 Rf6 41. Bd5 a5 42. Kf1 Rf3 43. Ke2 Rc3 44. Kd2 Rf3 1/2-1/2

[Event "XXVI Festival A"]
[Site "Arco ITA"]
[Date "2014.10.08"]
[Round "5"]
[White "Joerges, Frank"]
[Black "Karl, Hans"]
[WhiteElo "1949"]
[BlackElo "2105"]
[Result "1/2-1/2"]
[PlyCount "22"]
[EventDate "2014.10.04"]

1. d4 d5 2. Nf3 Nf6 3. e3 e6 4. Bd3 c5 5. c3 Nc6 6. Nbd2 Bd6 7. O-O O-O 8. dxc5
Bxc5 9. e4 dxe4 10. Nxe4 Nxe4 11. Bxe4 Qxd1 1/2-1/2